000 00942nab a2200205 i 4500
001 768714001
003 CO-MdFUSB
005 20240426083849.0
008 240426t1984 us ||||| |||| 00| 0 eng d
040 _bspa
_cCO-MdFUSB
_dCO-MdFUSB
041 _aeng
100 _aZilbergeld, Bernie,
_eautor
245 4 _aThe myths of counseling
_c/ Bernie Zilbergeld
300 _aVolumen 5, número 1 (winter, 1984), páginas: 87 - 94
_c; 27 cm
520 _aEste artículo habla de los mitos de la consejería. Esta psicóloga clínica dice que la terapia profesional está sobreutilizada y sobrevalorada. Y consejeros cristianos como Louis McBurney, David Benner, Jay Adams y Gary Collins, entregan sus opiniones.
546 _aTexto en inglés.
650 0 _aConsejería pastoral
_9228
773 0 _068780
_982551
_oR2485
_tLeadership :
_w(CO-MdFUSB)768714001
_gVolumen 5, número 1 (winter, 1984), páginas: 87 - 94
_qpágina: 87
942 _cANA
999 _c69401
_d69401